000 00199 a2200085 4500
020 _a9780500239322
100 _a William Myers
245 _aBio Art: Altered Realities
260 _b Thames & Hudson
_c2015
999 _c13269
_d13269